Biblical People Whose Names Begin with C - Statistics

General Stats
  • This quiz has been taken 538 times
    533 since last reset
  • The average score is 3 of 10
Answer Stats
Hint Answer % Correct
The first murderer Cain
100%
Joshua's fellow spy Caleb
71%
High priest who plotted to kill Jesus Caiaphas
53%
Persian king who helped the exiles return Cyrus
38%
Centurion who was told in a vision to summon Peter Cornelius
29%
Disciple with who Jesus broke bread after his resurrection Cleopas
15%
Synagogue leader converted by Paul Crispus
6%
Fourth son of Reuben Carmi
5%
King of Elam in the days of Abraham Chedorlaomer
4%
Servant who accompanied David to Gilgal after Absalom's death Chimham
3%
No matching quizzes found
Score Distribution
Percent of People with Each Score
Percentile by Number Answered
Your Score History
You have not taken this quiz since the last reset